| 000 | 00763nam a22001937a 4500 | ||
|---|---|---|---|
| 003 | OSt | ||
| 005 | 20240605152537.0 | ||
| 008 | 240605b ||||| |||| 00| 0 eng d | ||
| 040 | _cAIMIT LIBRARY | ||
| 100 |
_aK J Sriteja. _e2016131 _9169442 |
||
| 245 |
_aStudy on customer satisfaction towards campco chocolate ltd Mangalore / _cBy Sriteja K J ; Guided by Nagendra. |
||
| 260 |
_aMangaluru ; _c2022. |
||
| 650 |
_aIndustry profile company profile and introduction to study _9169443 |
||
| 650 |
_aProblem identification _9169444 |
||
| 650 |
_aData analysis and interpretation _9169445 |
||
| 700 |
_aNagendra. _eGuide _9169446 |
||
| 856 |
_3Central Arecanut and cocoa marketing and processing co operative ltd. _uwww.campco.org _ywww.campco.org |
||
| 942 |
_2ddc _cPRO |
||
| 999 |
_c231048 _d231048 |
||